Cases and polices in human resources management
保存先:
| 主要な著者: | , , |
|---|---|
| フォーマット: | 図書 |
| 言語: | 英語 |
| 出版事項: |
Boston
Houghton Mifflin
1978
|
| 版: | 3a. ed |
| 主題: | |
| タグ: |
タグ追加
タグなし, このレコードへの初めてのタグを付けませんか!
|
MARC
| LEADER | 00000nam a2200000 a 4500 | ||
|---|---|---|---|
| 001 | UCT7588 | ||
| 003 | CL-VaPUC | ||
| 008 | 970123e19780000US |||||||||||||||||eng|d | ||
| 082 | 0 | 4 | |a 658.3 |b HIL |2 21 |
| 100 | |a Hilgert, Raymond L |e author |9 378600 | ||
| 700 | 0 | |a Schoen, Sterling Harry |e author |9 378601 | |
| 700 | 0 | |a Towlw, Joseph W |e author |9 378602 | |
| 245 | 1 | 0 | |a Cases and polices in human resources management |
| 250 | |a 3a. ed | ||
| 300 | |a 373 p | ||
| 942 | |c BK | ||
| 945 | |d 19970123 00:00:00 |a nastorga | ||
| 260 | |a Boston |b Houghton Mifflin |c 1978 | ||
| 650 | 0 | |a Administración del personal |9 260442 | |
| 650 | 0 | |a Recursos humanos |9 228420 | |
| 650 | 0 | |a Estudio de casos |9 257099 | |
| 650 | 0 | |a Política |9 255312 | |
| 650 | 0 | |a Trabajo y empleo |9 315054 | |
| 650 | 7 | |a SUPERVICION |2 CL-VaPUC |9 378603 | |
| 650 | 0 | |a Organización |9 256369 | |
| 583 | |a last modification |c 19970123 00:00:00 |k Rodrigo Vera | ||
| 999 | |c 256160 |d 256158 | ||
| 952 | |0 0 |1 0 |4 0 |6 658_300000000000000_HIL_1978 |7 0 |8 P |9 278734 |a BIBGIM |b BIBGIM |d 2019-11-19 |i 3281299 |o 658.3 HIL 1978 |p 3281299 |r 2025-01-15 |w 2019-11-19 |y BK |k COM | ||